COMMENTARY ON THE HINDU MINORITY AND GUARDIANSHIP ACT 1956(ACTNO.32OF,1956) (Record no. 10701)

MARC details
000 -LEADER
fixed length control field 00385nam a22001457a 4500
003 - CONTROL NUMBER IDENTIFIER
control field SGT
020 ## - INTERNATIONAL STANDARD BOOK NUMBER
International Standard Book Number 9788186976975
082 ## - DEWEY DECIMAL CLASSIFICATION NUMBER
Classification number 346.540 18, SRI
100 ## - MAIN ENTRY--PERSONAL NAME
Personal name SRINIVASAN'S,M.N.
245 ## - TITLE STATEMENT
Title COMMENTARY ON THE HINDU MINORITY AND GUARDIANSHIP ACT 1956(ACTNO.32OF,1956)
260 ## - PUBLICATION, DISTRIBUTION, ETC. (IMPRINT)
Place of publication, distribution, etc NEW DELHI
Name of publisher, distributor, etc DELHI LAW HOUSE
Year of Publication 2010
300 ## - PAGE DESCRIPTION
No. of Pages 241
650 ## - SUBJECT ADDED ENTRY--TOPICAL TERM
Topical term or geographic name as entry element HINDU MINORITY
942 ## - ADDED ENTRY ELEMENTS (KOHA)
Source of classification or shelving scheme Dewey Decimal Classification
Koha item type Books
Holdings
Withdrawn status Lost status Source of classification or shelving scheme Damaged status Not for loan Collection code Home library Current library Shelving location Date acquired Vendor Name Cost, normal purchase price SGTU Bill Number Full call number Accession No. (Barcode) Date last seen Bill Date Koha item type
    Dewey Decimal Classification   Not For Loan LAW SGT Science & Social Sciences Library SGT Science & Social Sciences Library Reference Book 30/01/2017 JUPITER LAW BOOK COMPANY 395.00 SGTU 1377 346.540 18, SRI FL828 30/01/2017 21/03/2015 Books